000 00592cam a2200193 a 4500
001 000008096
005 20200929154430.0
008 720713s1968 mx 000 f spa d
040 _aDO-SdBNP
_bspa
_cBNPHU
082 _aCh863.44
_bL168fr
100 1 _aLafourcade, Enrique,
_d1927-
_921998
245 1 0 _aFrecuencia modulada /
_cEnrique Lafourcade.
260 _aMéxico :
_bJoaquín Mortiz,
_c1968.
300 _a335 p. ;
_c20 cm.
490 1 _aNueva narrativa hispánica
650 4 _aNovela chilena
_93163
650 4 _aLiteratura chilena
_93164
830 0 _aNueva narrativa hispánica
_922001
999 _c7873
_d7873